[Event "Niedersachsen-ch op-B"]
[Site "Verden"]
[Date "2012.01.03"]
[Round "3"]
[White "Pappert, Florian"]
[Black "Diederichs, Luise"]
[Result "0-1"]
[WhiteElo "1441"]
[BlackElo "1737"]
[PlyCount "65"]
[EventDate "2012.01.02"]
[EventType "swiss"]
[EventRounds "7"]
[EventCountry "GER"]
[SourceTitle "EXT 2021"]
[Source "ChessBase"]
[SourceDate "2020.10.23"]
[SourceVersion "1"]
[SourceVersionDate "2020.10.23"]
[SourceQuality "1"]

1. e4 g6 2. d4 d6 3. Nf3 Bg7 4. Be3 a6 5. Nc3 Nd7 6. Qd2 b5 7. Bd3 Bb7 8. 0-0-0 h6 9. Ne2 Ngf6 10. Ng3 Ng4 11. Bf4 e5 12. dxe5 Ngxe5 13. Nxe5 Nxe5 14. Qe3 Qf6 15. Bxe5 Qxe5 16. c3 Qe6 17. Kb1 0-0 18. h4 h5 19. f4 Bd5 20. a3 Ba2+ 21. Ka1 Qb3 22. Ne2 Qe6 23. Nd4 Bxd4 24. Qxd4 Bb3 25. Rde1 c5 26. Qe3 c4 27. Bb1 b4 28. cxb4 a5 29. bxa5 Rxa5 30. f5 Qf6 31. fxg6 Rxa3+ 32. Ba2 Rxa2+ 33. Kb1 0-1